000 00608nam a2200157 a 4500
008 120416s1972 ||||||||||||||||| || u
050 _aNA 8200 Wel
100 _aWeller, John B
245 1 0 _aFarm buildings: structural techniques and materials: v.2 foundations and floors
260 _aLondon:
_bCrosby Lockwood
_c1972
300 _avii, 190p.: ill.
350 _a0.00
650 _aBUILDINGS
650 _aFARM BUILDINGS--DESIGN AND CONSTRUCTION
995 _D0.00
_FCBU-MAIN LIBRARY (Kitwe)
_H1
_I0.00
_M1
_UAVAILABLE
_ZMain Library Open Access Collection
999 _c43150
_d43150